书目信息 |
| 题名: |
张元干幹诗文集笺注
|
|
| 作者: | 张元干 著 ;曹济平 , 吴新江 笺注 | |
| 分册: | 上 | |
| 出版信息: | 上海 上海古籍出版社 2024.12 |
|
| 页数: | 2册(11,12,1004页) | |
| 开本: | 21cm | |
| 丛书名: | ||
| 单 册: | ||
| 中图分类: | I222.744 , I264.4 | |
| 科图分类: | ||
| 主题词: | 古典诗歌--诗集--中国--宋代 , 古典散文--散文集--中国--宋代 | |
| 电子资源: | ||
| ISBN: | 978-7-5732-1415-7 | |
| 000 | 00918nam0 2200277 450 | |
| 001 | 013436566 | |
| 005 | 20251022111409.17 | |
| 010 | @a978-7-5732-1415-7@dCNY79.00 | |
| 100 | @a20250224d2024 em y0chiy0120 ea | |
| 101 | 0 | @achi |
| 102 | @aCN@b310000 | |
| 105 | @ay z 000zy | |
| 106 | @ar | |
| 200 | 1 | @a张元干幹诗文集笺注@9zhang yuan gan gan shi wen ji jian zhu@f(宋)张元干著@g曹济平,吴新江笺注@h上 |
| 210 | @a上海@c上海古籍出版社@d2024.12 | |
| 215 | @a2册(11,12,1004页)@d21cm | |
| 300 | @a国家古籍整理出版专项经费资助项目 | |
| 606 | 0 | @a古典诗歌@x诗集@y中国@z宋代 |
| 606 | 0 | @a古典散文@x散文集@y中国@z宋代 |
| 690 | @aI222.744@v5 | |
| 690 | @aI264.4@v5 | |
| 701 | 0 | @c(宋)@a张元干@9zhang yuan gan@f(1091~1160后)@4著 |
| 702 | 0 | @a曹济平@9cao ji ping@f(1931~)@4笺注 |
| 702 | 0 | @a吴新江@9wu xin jiang@f(1965~)@4笺注 |
| 801 | 0 | @aCN@c20250910 |
| 905 | @a河南城建学院图书馆@dI222.7@eZ231:1@ZZ231:1@f1 | |
| 张元干幹诗文集笺注/(宋)张元干著/曹济平,吴新江笺注.上.-上海:上海古籍出版社,2024.12 |
| 2册(11,12,1004页);21cm |
| 国家古籍整理出版专项经费资助项目 |
| ISBN 978-7-5732-1415-7:CNY79.00 |
| ● |
| 相关链接 |
|
|
|
正题名:张元干幹诗文集笺注
索取号:I222.7/Z231:1
 
预约/预借
| 序号 | 登录号 | 条形码 | 馆藏地/架位号 | 状态 | 备注 |
| 1 | 1635060 | 216350605 | 文学库108/108文学库 16排4列2层/ [索取号:I222.7/Z231:1] | 在馆 |